| 000 | 004550000a22001810004500 | ||
|---|---|---|---|
| 003 | MACL | ||
| 005 | 20150930161123.0 | ||
| 008 | 150930b xxu||||| |||| 00| 0 eng d | ||
| 040 |
_aMACL _cMACL |
||
| 041 | _aEnglish | ||
| 082 | _a900/MUT | ||
| 100 |
_aMuthiah, S. _95089 |
||
| 245 |
_aMadras _bIts Yesterdays, Todays And Tomorrow |
||
| 260 |
_bAssociation Of British Council _aMadras |
||
| 350 | _a50 | ||
| 650 |
_aHistory _912965 |
||
| 942 |
_cBK _k900 _2ddc |
||
| 999 |
_c4545 _d4545 |
||